Muscles de la Cuisse en antérieur : ORIGINE / INSERTION - Statistics

General Stats
  • This quiz has been taken 55 times
  • The average score is 6 of 26
Answer Stats
Hint Answer % Correct
Tenseur du fascia lata, Origine Épine iliaque antéro-supérieure
47%
Fonction droit fémoral (2/2) Extension du genou
47%
Fonction vaste médial (1) Extension du genou
47%
Fonction droit fémoral (1/2) Flexion hanche
47%
Droit fémoral (droit antérieur), Origine Épine iliaque antéro-inférieure
44%
Sartorius (couturier), Insertion Patte d'oie du tibia
44%
Gracile (droit interne), Insertion Patte d'oie du tibia
44%
Quadriceps, tendon commun Tendon patellaire
44%
Sartorius (couturier), Origine Épine iliaque antéro-supérieure
41%
Droit fémoral (droit antérieur), Insertion Tubérosité tibiale
25%
Fonction gracile Adduction de la hanche
19%
Fonction vaste latéral Extension du genou
19%
Fonction du tenseur du fascia lata (4/4) Extension du genou
19%
Fonction sartorius (2/4) Flexion de la hanche
19%
Fonction du tenseur du fascia lata (2/4) Flexion de la hanche
19%
Gracile (droit interne), Origine Pubis
19%
Fonction sartorius (3/4) Abduction de la hanche
16%
Fonction du tenseur du fascia lata (1/4) Abduction de la hanche
16%
Fonction sartorius (4/4) Flexion du genou
16%
Tenseur du fascia lata, Insertion Tubercule de Gerdy
9%
Vaste latéral (vaste externe), Insertion Tubérosité tibiale
9%
Fonction du tenseur du fascia lata (3/4) Rotation interne de la hanche
6%
Vaste médial (vaste interne), Insertion Tubérosité tibiale
6%
Vaste médial (vaste interne), Origine Ligne âpre du fémur
3%
Vaste latéral (vaste externe), Origine Ligne âpre du fémur
3%
Fonction sartorius (1/4) Rotation externe de la hanche
3%
No matching quizzes found
Score Distribution
Percent of People with Each Score
Percentile by Number Answered
Your Score History
You have not taken this quiz